LEADER 00831nam0-2200289 --450 001 9911014769203321 005 20250731121508.0 010 $a88-89506-11-3 020 $aIT$b2005-8337 100 $a20250731d2005----kmuy0itay5050 ba 101 0 $aita 102 $aIT 105 $a 001yy 200 1 $a<>mito di Stalin$ecomunisti e socialisti nell'Italia del dopoguerra$fMaurizio Degl'Innocenti 210 $aManduria$cP. Lacaita$d[2005] 215 $a187 p.$d22 cm 225 1 $aSocietà e cultura$v43 610 0 $aStalinismo 676 $a324.245075$v21 700 1$aDegl'Innocenti,$bMaurizio$0136738 801 0$aIT$bUNINA$gREICAT$2UNIMARC 901 $aBK 912 $a9911014769203321 952 $a320.531 DEGL 03$b2025/2616$fFLFBC 959 $aFLFBC 996 $aMito di Stalin$94410270 997 $aUNINA